[Event "Fagernes op"]
[Site "Fagernes"]
[Date "2024.03.24"]
[Round "1"]
[White "Sidhant, Mohapatra"]
[Black "Shivika, Rohilla"]
[Result "1/2-1/2"]
[WhiteElo "2379"]
[BlackElo "2003"]
[PlyCount "70"]
[EventDate "2024.03.24"]
[EventType "swiss"]
[EventRounds "9"]
[EventCountry "NOR"]
[SourceTitle "CB14_2024"]
[SourceDate "2024.04.01"]
[SourceVersion "1"]
[SourceVersionDate "2024.04.01"]
[SourceQuality "1"]

1. Nf3 Nf6 2. d4 e6 3. Bf4 d5 4. e3 Bd6 5. Nbd2 c5 6. Bb5+ Nc6 7. Bg3 0-0 8. c3 Ne7 9. Bd3 Qc7 10. Qe2 Re8 11. Ne5 Nf5 12. f4 Bf8 13. Qf3 c4 14. Bc2 b5 15. Bf2 Bb7 16. g4 Nd6 17. g5 Nfe4 18. Nxe4 dxe4 19. Qe2 Bd5 20. 0-0 Reb8 21. Be1 Nf5 22. a3 a5 23. Bd2 Ra6 24. Qg2 Qb7 25. h4 Rb6 26. h5 Be7 27. Kh2 b4 28. Bc1 Bf8 29. Kh3 Bd6 30. Ng4 Be7 31. Rg1 Kh8 32. Ne5 Bd6 33. Ng4 Be7 34. Ne5 Bd6 35. Ng4 Be7 1/2-1/2

[Event "Reykjavik op"]
[Site "Reykjavik"]
[Date "2024.03.17"]
[Round "4"]
[White "Shivika, Rohilla"]
[Black "Risting, Eivind Olav"]
[Result "1-0"]
[WhiteElo "2003"]
[BlackElo "2336"]
[PlyCount "113"]
[EventDate "2024.03.15"]
[EventType "swiss"]
[EventRounds "9"]
[EventCountry "ISL"]
[SourceTitle "CB13_2024"]
[SourceDate "2024.03.27"]
[SourceVersion "1"]
[SourceVersionDate "2024.03.27"]
[SourceQuality "1"]

1. Nf3 d5 2. c4 d4 3. b4 Bg4 4. g3 Bxf3 5. exf3 e5 6. a3 a5 7. bxa5 c6 8. Bg2 Bd6 9. 0-0 Qxa5 10. f4 Ne7 11. fxe5 Bxe5 12. d3 0-0 13. Re1 Nd7 14. Nd2 Qc7 15. Ne4 Nf6 16. f4 Nxe4 17. Bxe4 Bd6 18. c5 Bxc5 19. Bxh7+ Kxh7 20. Qh5+ Kg8 21. Qxc5 Rfe8 22. Bb2 Nd5 23. Qxd4 f6 24. Re4 Qa5 25. Qf2 Qb5 26. Rae1 Kf8 27. Qe2 Nc7 28. Qc2 Nd5 29. Qe2 Nc7 30. Qc2 Nd5 31. a4 Qb6+ 32. Bd4 Qc7 33. Bc5+ Kf7 34. Qe2 Rxe4 35. dxe4 Qa5 36. Rc1 Nc7 37. Qa2+ Kg6 38. f5+ Kh7 39. Qf7 Re8 40. Qc4 Na6 41. Bf2 Qd2 42. Rb1 Qd7 43. g4 Qe7 44. Rb3 g5 45. e5 fxe5 46. f6 Qxf6 47. Rxb7+ Kh8 48. Qxa6 Qf3 49. Qc4 Rd8 50. Rb1 Rf8 51. Bg3 Qe3+ 52. Kg2 Qf3+ 53. Kh3 Kg7 54. Rb7+ Kf6 55. Rh7 Kg6 56. Rh5 Kf6 57. Qxc6+ 1-0

[Event "Bratislava exe op"]
[Site "Bratislava"]
[Date "2023.09.16"]
[Round "2"]
[White "Shivika, Rohilla"]
[Black "Nomin Erdene, Davaademberel"]
[Result "0-1"]
[WhiteElo "1936"]
[BlackElo "2364"]
[PlyCount "52"]
[EventDate "2023.09.15"]
[EventType "swiss"]
[EventRounds "9"]
[EventCountry "SVK"]
[SourceTitle "EXT 2024"]
[Source "ChessBase"]
[SourceDate "2023.10.10"]
[SourceVersion "1"]
[SourceVersionDate "2023.10.10"]
[SourceQuality "1"]

1. d4 f5 2. g3 Nf6 3. Bg2 g6 4. Nh3 Bg7 5. Nf4 Nc6 6. Nc3 e5 7. dxe5 Nxe5 8. Nfd5 c6 9. Nxf6+ Qxf6 10. e4 0-0 11. 0-0 Nc4 12. Qd3 Qf7 13. a4 fxe4 14. Nxe4 d5 15. Ng5 Qf5 16. Be4 Qe5 17. Ra2 h6 18. Bf4 Qf6 19. h4 Ne5 20. Bxd5+ cxd5 21. Qxd5+ Nf7 22. Ne4 Qf5 23. Qd3 Be6 24. c4 g5 25. hxg5 hxg5 26. Bd2 Ne5 0-1

[Event "Budapest FS09 IM"]
[Site "Budapest"]
[Date "2023.09.08"]
[Round "6"]
[White "Akesson, Ralf"]
[Black "Shivika, Rohilla"]
[Result "1/2-1/2"]
[WhiteElo "2410"]
[BlackElo "1936"]
[PlyCount "62"]
[EventDate "2023.09.02"]
[EventType "tourn"]
[EventRounds "9"]
[EventCountry "HUN"]
[EventCategory "1"]
[SourceTitle "EXT 2024"]
[Source "ChessBase"]
[SourceDate "2023.10.10"]
[SourceVersion "1"]
[SourceVersionDate "2023.10.10"]
[SourceQuality "1"]

1. c4 Nf6 2. Nc3 e6 3. Nf3 d5 4. d4 Bb4 5. Bg5 h6 6. Bxf6 Qxf6 7. Qb3 c5 8. cxd5 exd5 9. a3 Bxc3+ 10. Qxc3 b6 11. g3 0-0 12. Bg2 Re8 13. 0-0 Bf5 14. dxc5 Qxc3 15. bxc3 bxc5 16. Nd2 Na6 17. Bxd5 Rad8 18. Bc4 Rxd2 19. Bxa6 Red8 20. Bc4 Be6 21. Bxe6 fxe6 22. Rab1 Rxe2 23. Rb7 Rc2 24. Rxa7 Rdd2 25. a4 Rxc3 26. a5 Ra3 27. Rb1 Rf3 28. Rb8+ Kh7 29. Rbb7 Rfxf2 30. Rxg7+ Kh8 31. Rgf7 Rg2+ 1/2-1/2

[Event "Budapest FS09 IM"]
[Site "Budapest"]
[Date "2023.09.06"]
[Round "5"]
[White "Shivika, Rohilla"]
[Black "Yao, Lan"]
[Result "0-1"]
[WhiteElo "1936"]
[BlackElo "2315"]
[PlyCount "60"]
[EventDate "2023.09.02"]
[EventType "tourn"]
[EventRounds "9"]
[EventCountry "HUN"]
[EventCategory "1"]
[SourceTitle "EXT 2024"]
[Source "ChessBase"]
[SourceDate "2023.10.10"]
[SourceVersion "1"]
[SourceVersionDate "2023.10.10"]
[SourceQuality "1"]

1. d4 Nf6 2. c4 e6 3. g3 d5 4. Nf3 dxc4 5. Bg2 a6 6. 0-0 Nc6 7. a4 Rb8 8. a5 Be7 9. Nbd2 Nxd4 10. Nxd4 Qxd4 11. Ra4 0-0 12. Rxc4 Qd8 13. Qc2 b5 14. axb6 cxb6 15. Nb3 Bb7 16. Rd1 Qe8 17. Bf4 Bxg2 18. Bxb8 Bd5 19. Be5 Bxc4 20. Qxc4 b5 21. Qc3 Qa8 22. f3 Nd5 23. Qd4 Rd8 24. Rc1 f6 25. Qg4 fxe5 26. Qxe6+ Kh8 27. e4 Qa7+ 28. Kh1 Qf2 29. exd5 Qxf3+ 30. Kg1 Bg5 0-1

[Event "Budapest FS09 IM"]
[Site "Budapest"]
[Date "2023.09.05"]
[Round "4"]
[White "Lalic, Bogdan"]
[Black "Shivika, Rohilla"]
[Result "1-0"]
[WhiteElo "2340"]
[BlackElo "1936"]
[PlyCount "79"]
[EventDate "2023.09.02"]
[EventType "tourn"]
[EventRounds "9"]
[EventCountry "HUN"]
[EventCategory "1"]
[SourceTitle "EXT 2024"]
[Source "ChessBase"]
[SourceDate "2023.10.10"]
[SourceVersion "1"]
[SourceVersionDate "2023.10.10"]
[SourceQuality "1"]

1. c4 Nf6 2. Nc3 e6 3. e4 d5 4. e5 d4 5. exf6 dxc3 6. bxc3 Qxf6 7. Nf3 b6 8. g3 Bb7 9. Bg2 Nd7 10. d4 h6 11. 0-0 Rd8 12. Re1 Bd6 13. Qd3 0-0 14. Ng5 hxg5 15. Bxb7 Be7 16. Bg2 c5 17. Be3 Qh6 18. a4 f5 19. f4 gxf4 20. Bxf4 g5 21. Bc7 Rc8 22. d5 Rxc7 23. d6 Ne5 24. Rxe5 Rd7 25. Rxe6 Qxe6 26. Bd5 Rxd6 27. Bxe6+ Rxe6 28. Qd5 Rff6 29. Re1 Kf7 30. Rxe6 Rxe6 31. Qxf5+ Rf6 32. Qd5+ Re6 33. Kg2 a5 34. Kf3 Kf6 35. Kg4 Re5 36. Qg8 Re4+ 37. Kh5 Kf5 38. Qh7+ Ke5 39. Qxe7+ Kf5 40. Qf7+ 1-0

[Event "Budapest FS09 IM"]
[Site "Budapest"]
[Date "2023.09.04"]
[Round "3"]
[White "Shivika, Rohilla"]
[Black "Persson, Mats"]
[Result "0-1"]
[WhiteElo "1936"]
[BlackElo "2311"]
[PlyCount "132"]
[EventDate "2023.09.02"]
[EventType "tourn"]
[EventRounds "9"]
[EventCountry "HUN"]
[EventCategory "1"]
[SourceTitle "EXT 2024"]
[Source "ChessBase"]
[SourceDate "2023.10.10"]
[SourceVersion "1"]
[SourceVersionDate "2023.10.10"]
[SourceQuality "1"]

1. d4 Nf6 2. c4 e6 3. g3 d5 4. Bg2 Bb4+ 5. Bd2 a5 6. Nf3 0-0 7. Qc1 dxc4 8. Bxb4 axb4 9. Qxc4 Nc6 10. 0-0 Qd5 11. Nbd2 Qxc4 12. Nxc4 Bd7 13. Rfc1 Ra7 14. e3 Rfa8 15. a3 Be8 16. Rab1 Nd5 17. Nfe5 Nde7 18. Nxc6 Nxc6 19. Be4 f6 20. axb4 Nxb4 21. Nd2 c6 22. Rc4 Nd5 23. Nb3 Bg6 24. Bxg6 hxg6 25. Nc5 Kf7 26. Ne4 Ke7 27. Nc3 Ra1 28. Nxd5+ exd5 29. Rcc1 Rxb1 30. Rxb1 g5 31. Kg2 Kd6 32. b4 Ra2 33. g4 b6 34. h3 Kc7 35. Kg3 Kb7 36. Rb3 Ka6 37. f4 Kb5 38. Rc3 Ra4 39. fxg5 fxg5 40. h4 Rxb4 41. hxg5 c5 42. Kf4 cxd4 43. exd4 Rxd4+ 44. Kf5 Rc4 45. Rh3 d4 46. Ke4 d3+ 47. Kxd3 Rxg4 48. Rh5 g6 49. Rh3 Rxg5 50. Kc3 Rg4 51. Kb3 Ka5 52. Ka3 b5 53. Kb3 g5 54. Ka3 Rf4 55. Rh8 Rf3+ 56. Kb2 g4 57. Rg8 g3 58. Rg4 b4 59. Rg8 Ka4 60. Ra8+ Kb5 61. Rg8 Kc4 62. Rg4+ Kd3 63. Kb3 Ke2+ 64. Kxb4 Kf2 65. Rc4 g2 66. Rc2+ Kg3 0-1

[Event "Budapest Vezerkepzo Pentecost IM2"]
[Site "Budapest"]
[Date "2023.05.25"]
[Round "8"]
[White "Shivika, Rohilla"]
[Black "Manik, Mikulas"]
[Result "1/2-1/2"]
[WhiteElo "1940"]
[BlackElo "2384"]
[PlyCount "26"]
[EventDate "2023.05.18"]
[EventType "tourn"]
[EventRounds "9"]
[EventCountry "HUN"]
[SourceTitle "CBM 214 Extra"]
[Source "ChessBase"]
[SourceDate "2023.07.31"]
[SourceVersion "1"]
[SourceVersionDate "2023.07.31"]
[SourceQuality "1"]

1. d4 Nf6 2. c4 g6 3. h4 c5 4. d5 b5 5. cxb5 a6 6. bxa6 d6 7. Nc3 Bxa6 8. e4 Bxf1 9. Kxf1 Bg7 10. Nf3 0-0 11. g3 Nbd7 12. Kg2 Qa5 13. Qc2 Rfb8 1/2-1/2

[Event "IND-ch U15 Girls 38th"]
[Site "New Delhi"]
[Date "2022.11.28"]
[Round "1"]
[White "Mishka, Mathur"]
[Black "Shivika, Rohilla"]
[Result "0-1"]
[WhiteElo "1268"]
[BlackElo "2057"]
[PlyCount "114"]
[EventDate "2022.11.28"]
[EventType "swiss"]
[EventRounds "11"]
[EventCountry "IND"]
[SourceTitle "CBM 211 Extra"]
[Source "ChessBase"]
[SourceDate "2023.01.31"]
[SourceVersion "1"]
[SourceVersionDate "2023.01.31"]
[SourceQuality "1"]

1. d4 Nf6 2. Nf3 e6 3. Bf4 d5 4. Nbd2 Bd6 5. Bg3 c5 6. e3 0-0 7. c3 Qc7 8. Bd3 Nbd7 9. 0-0 e5 10. dxe5 Nxe5 11. Nxe5 Bxe5 12. Bxe5 Qxe5 13. Nf3 Qc7 14. Qe2 Bg4 15. h3 Bh5 16. Qd1 Rad8 17. Be2 Rfe8 18. Re1 Rd6 19. Qa4 a6 20. Rad1 b5 21. Qc2 Bg6 22. Bd3 Ne4 23. Nd2 f5 24. Nf1 Qb6 25. f3 c4 26. Bxe4 fxe4 27. f4 h5 28. Rd4 h4 29. Qf2 Qd8 30. Nh2 Bf5 31. Red1 Ree6 32. Ng4 Rg6 33. Qe2 Be6 34. Kh2 Qc8 35. Nf2 Rd7 36. Qh5 Rh6 37. Qe2 Qe8 38. Ng4 Rh5 39. Ne5 Rc7 40. Rf1 Rf5 41. Rfd1 g5 42. Ng4 Qf8 43. fxg5 Rxg5 44. Rf1 Qd6+ 45. Kh1 Bxg4 46. hxg4 Qg3 47. Qf2 Qxg4 48. Rxd5 Rxd5 49. Qf8+ Kh7 50. Rf7+ Rxf7 51. Qxf7+ Kh6 52. Qxd5 h3 53. Qd6+ Kh5 54. Qe5+ Kh4 55. Qf6+ Kg3 56. Qd6+ Kf2 57. Qd2+ Qe2 0-1

[Event "Budapest Vezerkepzo Fall IM"]
[Site "Budapest"]
[Date "2022.11.01"]
[Round "8"]
[White "Shivika, Rohilla"]
[Black "Krizsany, Laszlo"]
[Result "0-1"]
[WhiteElo "2127"]
[BlackElo "2365"]
[PlyCount "88"]
[EventDate "2022.10.24"]
[EventType "tourn"]
[EventRounds "9"]
[EventCountry "HUN"]
[SourceTitle "EXT 2024"]
[Source "ChessBase"]
[SourceDate "2023.10.10"]
[SourceVersion "1"]
[SourceVersionDate "2023.10.10"]
[SourceQuality "1"]

1. e4 c6 2. d4 d5 3. exd5 cxd5 4. Bd3 Nc6 5. c3 g6 6. Nf3 Nh6 7. 0-0 Bf5 8. Re1 Bxd3 9. Qxd3 Bg7 10. Bf4 0-0 11. Nbd2 Qd7 12. Nb3 Rad8 13. Nc5 Qc8 14. Qb5 b6 15. Nd3 Nf5 16. Nde5 Nxe5 17. Nxe5 e6 18. Nc6 Rd7 19. a4 Rb7 20. Nb4 a5 21. Nc2 Re8 22. Na3 Bf8 23. Qd3 Bxa3 24. Rxa3 Qc4 25. Qh3 f6 26. g4 Ng7 27. b3 Qc8 28. Re3 e5 29. dxe5 d4 30. cxd4 Qc1+ 31. Qf1 Qxa3 32. Qc4+ Rf7 33. exf6 Rxe3 34. fxe3 Ne8 35. g5 Nd6 36. Qd5 Nf5 37. Qd8+ Rf8 38. Qd5+ Kh8 39. Qe6 Qc1+ 40. Kf2 Nxd4 41. Qe5 Qd2+ 42. Kg3 Qe1+ 43. Kg2 Qe2+ 44. Kh3 Qf1+ 0-1

[Event "Budapest Vezerkepzo Fall IM"]
[Site "Budapest"]
[Date "2022.10.30"]
[Round "7"]
[White "Farago, Sandor"]
[Black "Shivika, Rohilla"]
[Result "1/2-1/2"]
[WhiteElo "2113"]
[BlackElo "2127"]
[PlyCount "79"]
[EventDate "2022.10.24"]
[EventType "tourn"]
[EventRounds "9"]
[EventCountry "HUN"]
[SourceTitle "EXT 2024"]
[Source "ChessBase"]
[SourceDate "2023.10.10"]
[SourceVersion "1"]
[SourceVersionDate "2023.10.10"]
[SourceQuality "1"]

1. e4 e5 2. Nf3 Nc6 3. Bb5 a6 4. Ba4 Nf6 5. d3 d6 6. c3 g6 7. Bg5 Bg7 8. Nbd2 0-0 9. Bb3 h6 10. Bh4 Na5 11. Bc2 c5 12. Nf1 Qc7 13. Ne3 Be6 14. Bg3 Nc6 15. 0-0 Nh5 16. Nh4 Nf4 17. Bb3 Kh7 18. Bxf4 exf4 19. Nd5 Qd8 20. g3 Ne7 21. Qf3 Bxd5 22. Bxd5 Nxd5 23. exd5 fxg3 24. hxg3 Qf6 25. Rae1 b5 26. Re2 b4 27. c4 b3 28. axb3 Rfe8 29. Rxe8 Rxe8 30. Qxf6 Bxf6 31. Ra1 Ra8 32. Ra2 Kg7 33. Nf3 Kf8 34. Kf1 Ke7 35. Ke2 Rb8 36. Nd2 Rb6 37. f4 h5 38. Kf3 Bd4 39. Ke2 f5 40. Nf3 1/2-1/2

[Event "Budapest Vezerkepzo IM 10"]
[Site "Budapest"]
[Date "2022.10.14"]
[Round "2"]
[White "To, Nhat Minh"]
[Black "Shivika, Rohilla"]
[Result "1-0"]
[WhiteElo "2331"]
[BlackElo "2127"]
[PlyCount "101"]
[EventDate "2022.10.13"]
[EventType "tourn"]
[EventRounds "9"]
[EventCountry "HUN"]
[SourceTitle "CBM 210 Extra"]
[Source "ChessBase"]
[SourceDate "2022.11.30"]
[SourceVersion "1"]
[SourceVersionDate "2022.11.30"]
[SourceQuality "1"]

1. d4 d5 2. c4 e6 3. Nc3 a6 4. cxd5 exd5 5. Nf3 Nf6 6. Bg5 Be6 7. e3 Nbd7 8. Bd3 Bd6 9. 0-0 c6 10. h3 Qc7 11. Qd2 0-0 12. Bf4 h6 13. Rfe1 Rfe8 14. Rac1 Nh5 15. Bxd6 Qxd6 16. Ne2 Nhf6 17. Ng3 Qf8 18. a3 Rec8 19. Rc3 Ne8 20. e4 dxe4 21. Bxe4 Nd6 22. Bb1 Nf6 23. Ne5 Nb5 24. Rd3 Rd8 25. a4 Nc7 26. Ne2 Bf5 27. Rb3 Bxb1 28. Rxb7 Ba2 29. Rxc7 Qd6 30. Qa5 Rac8 31. Rxc8 Rxc8 32. Qxa6 Rb8 33. Qxc6 Qxc6 34. Nxc6 Rxb2 35. Nc3 Rc2 36. Re3 Kf8 37. a5 Rc1+ 38. Kh2 Be6 39. Nb4 Ra1 40. Re5 Ra3 41. Rc5 g5 42. Nc2 Rb3 43. a6 Rb8 44. a7 Ra8 45. Ra5 Ke7 46. Na4 Nd7 47. Ne3 f6 48. d5 Bf7 49. Nc4 Bxd5 50. Ncb6 Nxb6 51. Nxb6 1-0

[Event "Budapest Vezerkepzo IM 10"]
[Site "Budapest"]
[Date "2022.10.13"]
[Round "1"]
[White "Shivika, Rohilla"]
[Black "Matyassy, Lazar"]
[Result "0-1"]
[WhiteElo "2127"]
[BlackElo "2152"]
[PlyCount "176"]
[EventDate "2022.10.13"]
[EventType "tourn"]
[EventRounds "9"]
[EventCountry "HUN"]
[SourceTitle "CBM 210 Extra"]
[Source "ChessBase"]
[SourceDate "2022.11.30"]
[SourceVersion "1"]
[SourceVersionDate "2022.11.30"]
[SourceQuality "1"]

1. e4 c5 2. Nf3 a6 3. c4 Nc6 4. d4 cxd4 5. Nxd4 e5 6. Nc2 Bc5 7. Be2 Nf6 8. Nc3 h6 9. 0-0 0-0 10. Be3 Bxe3 11. fxe3 d6 12. Qd2 Be6 13. Rad1 Qb6 14. b3 Rfd8 15. Qe1 Ne8 16. Qh4 Qa5 17. Qe1 Rac8 18. b4 Qc7 19. Nd5 Bxd5 20. exd5 Ne7 21. Qf2 Nf6 22. Rc1 Ng6 23. Bd3 b5 24. cxb5 axb5 25. Bf5 Ra8 26. Nd4 Qb6 27. Nc6 Re8 28. h4 h5 29. Na5 Ne7 30. Bd7 Rf8 31. Bc6 Ng4 32. Qe2 Rac8 33. Kh1 Nxc6 34. Nxc6 Kh8 35. Rce1 g6 36. e4 Kg7 37. Rf3 Rxc6 38. dxc6 Qxc6 39. Ref1 d5 40. exd5 Qxd5 41. Rd1 Qb7 42. Rg3 Qe7 43. Rxg4 hxg4 44. Qxg4 Rh8 45. g3 e4 46. a3 Qe5 47. Kg2 Qb2+ 48. Kh3 Re8 49. Qd7 Re6 50. Qd4+ Qxd4 51. Rxd4 e3 52. Rd1 Ra6 53. Kg2 Rxa3 54. Rd5 e2 55. Kf2 Re3 56. Ke1 Rxg3 57. Rxb5 Rh3 58. h5 gxh5 59. Kxe2 Kg6 60. Rb8 Kg5 61. Kf2 Kf4 62. b5 Rh2+ 63. Kg1 Rb2 64. b6 f5 65. b7 h4 66. Rh8 Rxb7 67. Kg2 Rg7+ 68. Kh3 Rg3+ 69. Kh2 Kg4 70. Rg8+ Kf3 71. Ra8 f4 72. Ra3+ Kg4 73. Ra8 h3 74. Rg8+ Kf3 75. Ra8 Rg2+ 76. Kxh3 Re2 77. Rf8 Ra2 78. Rf7 Ke3 79. Re7+ Kf2 80. Rf7 f3 81. Re7 Ra8 82. Rg7 Re8 83. Ra7 Rh8+ 84. Kg4 Kg2 85. Ra3 f2 86. Rg3+ Kf1 87. Ra3 Rg8+ 88. Kf3 Kg1 0-1

[Event "Budapest FS10 IM"]
[Site "Budapest"]
[Date "2022.10.11"]
[Round "9"]
[White "Shivika, Rohilla"]
[Black "Tancsa, Tamas"]
[Result "0-1"]
[WhiteElo "2127"]
[BlackElo "2190"]
[PlyCount "108"]
[EventDate "2022.10.01"]
[EventType "tourn"]
[EventRounds "9"]
[EventCountry "HUN"]
[SourceTitle "CBM 210 Extra"]
[Source "ChessBase"]
[SourceDate "2022.11.30"]
[SourceVersion "1"]
[SourceVersionDate "2022.11.30"]
[SourceQuality "1"]

1. e4 c5 2. Nf3 d6 3. Bb5+ Nd7 4. 0-0 a6 5. Bd3 Ngf6 6. Re1 e6 7. c3 b5 8. Bc2 Bb7 9. d4 cxd4 10. cxd4 Rc8 11. Qe2 Be7 12. Bd3 0-0 13. a4 b4 14. a5 e5 15. d5 Nc5 16. Be3 Nxd3 17. Qxd3 Qc7 18. Ra4 Bxd5 19. exd5 e4 20. Qd2 exf3 21. Rxb4 Qxa5 22. Bb6 Qxd5 23. Rxe7 Qxd2 24. Nxd2 Nd5 25. Ree4 f5 26. Red4 Nxb4 27. Rxb4 Rc2 28. Nf1 Rb8 29. h4 f4 30. g3 d5 31. b3 d4 32. Ba5 Rxb4 33. Bxb4 fxg3 34. fxg3 Rg2+ 35. Kh1 d3 36. Bd2 Re2 37. Kg1 Kf7 38. Bf4 Ke6 39. Nd2 f2+ 40. Kf1 Kd5 41. Nc4 Kd4 42. Bd2 h5 43. Bb4 Ke4 44. Nd2+ Ke3 45. Nc4+ Kf3 46. Bd2 Kxg3 47. b4 Kxh4 48. Kg2 g5 49. Kf1 g4 50. Kg2 g3 51. Bc3 Kg4 52. Bd2 h4 53. Ne3+ Rxe3 54. Bxe3 h3+ 0-1

[Event "Budapest FS10 IM"]
[Site "Budapest"]
[Date "2022.10.05"]
[Round "5"]
[White "Bodi, Tibor"]
[Black "Shivika, Rohilla"]
[Result "1/2-1/2"]
[WhiteElo "2287"]
[BlackElo "2127"]
[PlyCount "83"]
[EventDate "2022.10.01"]
[EventType "tourn"]
[EventRounds "9"]
[EventCountry "HUN"]
[SourceTitle "CBM 210 Extra"]
[Source "ChessBase"]
[SourceDate "2022.11.30"]
[SourceVersion "1"]
[SourceVersionDate "2022.11.30"]
[SourceQuality "1"]

1. Nf3 d5 2. b3 Nf6 3. Bb2 Nbd7 4. c4 e6 5. e3 Be7 6. Nc3 0-0 7. d4 Ne4 8. Nxe4 dxe4 9. Nd2 f5 10. Be2 c6 11. Qc2 Nf6 12. f3 exf3 13. Bxf3 Ng4 14. Bxg4 fxg4 15. 0-0-0 Bg5 16. Qc3 e5 17. dxe5 Bf5 18. Ne4 Qe7 19. Nxg5 Qxg5 20. Ba3 Rfe8 21. Qd4 Bg6 22. Rhf1 Rxe5 23. Rf4 h5 24. g3 Rae8 25. Bb2 R5e7 26. Qxa7 Bh7 27. Re1 b5 28. Qd4 bxc4 29. Qxc4+ Qd5 30. Qxd5+ cxd5 31. Kd2 Rc8 32. Rc1 Rxc1 33. Bxc1 Rc7 34. b4 Rc2+ 35. Kd1 Rxa2 36. b5 Be4 37. b6 Ra6 38. Rf2 Rxb6 39. Rb2 Rxb2 40. Bxb2 g6 41. Ke1 Kf7 42. Kf2 1/2-1/2

[Event "Titled Tuesday intern op 27th Sep Early"]
[Site "Chess.com INT"]
[Date "2022.09.27"]
[Round "2"]
[White "Devaev, Alexander"]
[Black "Shivika, Rohilla"]
[Result "0-1"]
[WhiteElo "2325"]
[BlackElo "2127"]
[PlyCount "80"]
[EventDate "2022.09.27"]
[EventType "swiss (blitz)"]
[EventRounds "11"]
[EventCountry "USA"]
[SourceTitle "CBM 210 Extra"]
[Source "ChessBase"]
[SourceDate "2022.11.30"]
[SourceVersion "1"]
[SourceVersionDate "2022.11.30"]
[SourceQuality "1"]

1. d4 d5 2. c4 e6 3. Nc3 a6 4. cxd5 exd5 5. Nf3 Nf6 6. Bg5 Be6 7. e3 Bd6 8. Bd3 Nbd7 9. Qc2 c6 10. 0-0 h6 11. Bh4 0-0 12. Bg3 Qc7 13. b4 Bxg3 14. hxg3 Qd6 15. a4 b5 16. Rab1 Nb6 17. e4 dxe4 18. Nxe4 Nxe4 19. Bxe4 Nc4 20. Qd3 Rad8 21. Rfc1 f5 22. axb5 axb5 23. Bxc6 Qxc6 24. Qe2 Qd6 25. Ra1 Bd5 26. Ne5 Rfe8 27. f4 Be6 28. Rd1 Bd5 29. Kh2 Be4 30. Ra7 Nxe5 31. fxe5 Rxe5 32. dxe5 Qxd1 33. Qxb5 Qd2 34. Qf1 Bd3 35. Qf4 Be4 36. Qxd2 Rxd2 37. e6 Rxg2+ 38. Kh3 g5 39. Rc7 g4+ 40. Kh4 Rh2# 0-1

[Event "Titled Tuesday intern op 27th Sep Early"]
[Site "Chess.com INT"]
[Date "2022.09.27"]
[Round "4"]
[White "Pacheco Lugo, Alejandro Jose"]
[Black "Shivika, Rohilla"]
[Result "1-0"]
[WhiteElo "2127"]
[BlackElo "2127"]
[PlyCount "103"]
[EventDate "2022.09.27"]
[EventType "swiss (blitz)"]
[EventRounds "11"]
[EventCountry "USA"]
[SourceTitle "CBM 210 Extra"]
[Source "ChessBase"]
[SourceDate "2022.11.30"]
[SourceVersion "1"]
[SourceVersionDate "2022.11.30"]
[SourceQuality "1"]

1. e4 e5 2. Nf3 Nc6 3. Bc4 Bc5 4. c3 Nf6 5. d4 exd4 6. e5 d5 7. Bb5 Ne4 8. cxd4 Bb4+ 9. Nbd2 0-0 10. 0-0 Bd7 11. Bd3 Nxd2 12. Bxd2 Bxd2 13. Qxd2 f6 14. exf6 Qxf6 15. Rae1 Bg4 16. Ne5 Bf5 17. f4 Nxd4 18. Bxf5 Nxf5 19. Qxd5+ Kh8 20. Qxb7 Qb6+ 21. Qxb6 axb6 22. a3 g6 23. Rc1 c5 24. Nd7 Rfd8 25. Nxb6 Rab8 26. Nc4 Rd4 27. Rf2 Ne7 28. Ne5 Nd5 29. g3 Rb5 30. Kg2 Ne3+ 31. Kf3 Nd1 32. Rfc2 Nxb2 33. Rb1 Rb3+ 34. Kg2 Nd3 35. Rxb3 Ne1+ 36. Kf2 Nxc2 37. Rc3 Na1 38. Rxc5 Rd2+ 39. Kf3 Rxh2 40. Rc7 Ra2 41. Ra7 Nc2 42. a4 Nd4+ 43. Ke4 Nb3 44. Nf7+ Kg7 45. Ng5+ Kg8 46. Nxh7 Nc5+ 47. Ke5 Nxa4 48. Nf6+ Kf8 49. Nd7+ Ke8 50. Kf6 Ra3 51. Ne5 g5 52. Ra8# 1-0

[Event "Titled Tuesday intern op 27th Sep Early"]
[Site "Chess.com INT"]
[Date "2022.09.27"]
[Round "10"]
[White "Seifert, Henryk"]
[Black "Shivika, Rohilla"]
[Result "0-1"]
[WhiteElo "2148"]
[BlackElo "2127"]
[PlyCount "86"]
[EventDate "2022.09.27"]
[EventType "swiss (blitz)"]
[EventRounds "11"]
[EventCountry "USA"]
[SourceTitle "CBM 210 Extra"]
[Source "ChessBase"]
[SourceDate "2022.11.30"]
[SourceVersion "1"]
[SourceVersionDate "2022.11.30"]
[SourceQuality "1"]

1. e4 e5 2. Nf3 Nc6 3. Nc3 Nf6 4. Bb5 Bb4 5. 0-0 0-0 6. d3 Bxc3 7. bxc3 d6 8. Bxc6 bxc6 9. Rb1 h6 10. h3 Be6 11. c4 Nd7 12. Be3 f5 13. exf5 Bxf5 14. Kh2 Kh7 15. Rg1 c5 16. g4 Bg6 17. Rg3 Qe7 18. h4 e4 19. h5 Bxh5 20. Ng5+ hxg5 21. gxh5 Ne5 22. dxe4 Rae8 23. Qe2 g4 24. Ra1 Qh4+ 25. Kg2 Rf3 26. Rh1 Qe7 27. Rxg4 Rxe3 28. fxe3 Nxg4 29. Qxg4 Qxe4+ 30. Qxe4+ Rxe4 31. Kf3 Rxc4 32. Rh2 Kh6 33. a3 Rc3 34. Ke4 Rxa3 35. Rf2 Rc3 36. Rf7 a5 37. Rf8 Kxh5 38. Rh8+ Kg4 39. Rg8 g5 40. Ra8 a4 41. Rxa4 c6 42. Ra6 d5+ 43. Ke5 Rxc2 0-1

[Event "Titled Tuesday intern op 27th Sep Early"]
[Site "Chess.com INT"]
[Date "2022.09.27"]
[Round "1"]
[White "Shivika, Rohilla"]
[Black "Bilan, Danila"]
[Result "0-1"]
[WhiteElo "2127"]
[BlackElo "2303"]
[PlyCount "78"]
[EventDate "2022.09.27"]
[EventType "swiss (blitz)"]
[EventRounds "11"]
[EventCountry "USA"]
[SourceTitle "CBM 210 Extra"]
[Source "ChessBase"]
[SourceDate "2022.11.30"]
[SourceVersion "1"]
[SourceVersionDate "2022.11.30"]
[SourceQuality "1"]

1. e4 c6 2. d4 d5 3. e5 c5 4. dxc5 Nc6 5. Nf3 Bg4 6. Be2 e6 7. Be3 Bxf3 8. Bxf3 Nxe5 9. Be2 Nc6 10. 0-0 d4 11. Bf4 Bxc5 12. Nd2 Nf6 13. Nb3 Bd6 14. Bg5 e5 15. Bb5 0-0 16. f4 h6 17. fxe5 Bxe5 18. Bh4 Qd6 19. h3 Nd5 20. Qf3 Ne3 21. Rfe1 Nxc2 22. Bd3 Nxa1 23. Rxa1 g6 24. Rf1 Bh2+ 25. Kh1 Ne5 26. Qe4 Nxd3 27. Qxd3 Be5 28. Be1 Rfe8 29. Bd2 Bg7 30. Qf3 Qe7 31. Nc1 Rac8 32. Nd3 Rc7 33. Bb4 Qe4 34. Qf2 Qxd3 35. Bd6 Rd7 36. Bf4 Qf5 37. g4 Qe4+ 38. Kg1 d3 39. Bd2 Bd4 0-1

[Event "Titled Tuesday intern op 27th Sep Early"]
[Site "Chess.com INT"]
[Date "2022.09.27"]
[Round "8"]
[White "Shivika, Rohilla"]
[Black "Ciuffoletti, Paolo"]
[Result "0-1"]
[WhiteElo "2127"]
[BlackElo "2106"]
[PlyCount "70"]
[EventDate "2022.09.27"]
[EventType "swiss (blitz)"]
[EventRounds "11"]
[EventCountry "USA"]
[SourceTitle "CBM 210 Extra"]
[Source "ChessBase"]
[SourceDate "2022.11.30"]
[SourceVersion "1"]
[SourceVersionDate "2022.11.30"]
[SourceQuality "1"]

1. e4 c5 2. Nf3 Nc6 3. d4 cxd4 4. Nxd4 Nf6 5. Nc3 e5 6. Ndb5 d6 7. Bg5 a6 8. Na3 b5 9. Nd5 Be7 10. Bxf6 Bxf6 11. c3 0-0 12. Nc2 Rb8 13. g3 Be7 14. Bg2 Be6 15. Nce3 Qd7 16. 0-0 Bd8 17. f4 exf4 18. gxf4 Ne7 19. Nxe7+ Qxe7 20. Kh1 Bb6 21. Nd5 Bxd5 22. Qxd5 Rbc8 23. Rad1 Rfd8 24. Rf3 Rc5 25. Qb3 Qxe4 26. Rfd3 Qe7 27. a4 Rh5 28. axb5 axb5 29. Bf3 Rf5 30. Qb4 h6 31. Bg4 Rc5 32. f5 Rc4 33. Qxb5 Rxg4 34. Qxb6 Qe4+ 35. Rf3 Qxf3# 0-1